[Event "HUN-chT2 Barcza 1819"]
[Site "Hungary"]
[Date "2019.02.24"]
[Round "8.7"]
[White "Toth, Levente"]
[Black "Timar, Jozsef"]
[Result "1-0"]
[WhiteElo "1999"]
[BlackElo "1778"]
[PlyCount "47"]
[EventDate "2018.09.23"]
[EventType "team-tourn"]
[EventRounds "11"]
[EventCountry "HUN"]
[SourceTitle "CBM 189 Extra"]
[Source "ChessBase"]
[SourceDate "2019.05.31"]
[SourceVersion "1"]
[SourceVersionDate "2019.05.31"]
[SourceQuality "1"]
[WhiteTeam "Edeleny"]
[BlackTeam "Hajduszoboszlo"]
[WhiteTeamCountry "HUN"]
[BlackTeamCountry "HUN"]

1. e4 e5 2. Nf3 Nc6 3. Bb5 a6 4. Ba4 Nf6 5. Qe2 Be7 6. c3 b5 7. Bb3 0-0 8. a4 bxa4 9. Bxa4 Bb7 10. 0-0 d6 11. d4 exd4 12. cxd4 d5 13. e5 Ne4 14. Nc3 Nxc3 15. bxc3 Na5 16. Bc2 c5 17. dxc5 Bxc5 18. Bxh7+ Kxh7 19. Ng5+ Qxg5 20. Bxg5 Nc4 21. Qh5+ Kg8 22. Rfd1 Rae8 23. Bf6 Re6 24. Qg5 1-0

[Event "HUN-chT2 Barcza 1112 "]
[Site "Hungary"]
[Date "2012.04.22"]
[Round "9"]
[White "Molnar, Laszlo"]
[Black "Timar, Jozsef"]
[Result "1-0"]
[WhiteElo "2179"]
[BlackElo "1966"]
[PlyCount "57"]
[EventDate "2011.09.25"]
[EventType "team-tourn"]
[EventRounds "11"]
[EventCountry "HUN"]
[SourceTitle "EXT 2013"]
[Source "ChessBase"]
[SourceDate "2012.11.22"]
[SourceVersion "1"]
[SourceVersionDate "2012.11.22"]
[SourceQuality "1"]
[WhiteTeam "Balkany"]
[BlackTeam "Debrecen Sakkbaratok"]
[WhiteTeamCountry "HUN"]
[BlackTeamCountry "HUN"]

1. e4 e5 2. Nf3 Nc6 3. Nc3 Nf6 4. d4 exd4 5. Nxd4 Bb4 6. Nxc6 Bxc3+ 7. bxc3 bxc6 8. Bd3 h6 9. 0-0 0-0 10. f4 Qe7 11. Qe1 Re8 12. e5 d6 13. Ba3 Nd5 14. c4 Nb6 15. Qe4 f5 16. Qxc6 Be6 17. exd6 cxd6 18. Bxd6 Qf7 19. c5 Bd5 20. Qc7 Qg6 21. Rf2 Rec8 22. Qe7 Na4 23. Be5 Re8 24. Bxf5 Rxe7 25. Bxg6 Re6 26. Bf5 Ra6 27. Rd2 Bf7 28. c6 g6 29. c7 1-0

[Event "HUN-chT2 Barcza 0304"]
[Site "Hungary"]
[Date "2003.11.30"]
[Round "4"]
[White "Timar, Jozsef"]
[Black "Szabo, Zsolt2"]
[Result "0-1"]
[WhiteElo "1873"]
[BlackElo "2053"]
[PlyCount "100"]
[EventDate "2003.08.29"]
[EventType "team-tourn"]
[EventRounds "11"]
[EventCountry "HUN"]
[SourceTitle "EXT 2009"]
[Source "ChessBase"]
[SourceDate "2008.11.26"]
[SourceVersion "1"]
[SourceVersionDate "2008.11.26"]
[SourceQuality "1"]
[WhiteTeam "Debrecen Betu"]
[BlackTeam "DEAC"]
[WhiteTeamCountry "HUN"]
[BlackTeamCountry "HUN"]

1. e4 c6 2. d4 d5 3. exd5 cxd5 4. Nf3 Nf6 5. g3 Nc6 6. Bg2 Bg4 7. c3 e6 8. Bf4 Bd6 9. Bxd6 Qxd6 10. Nbd2 0-0 11. 0-0 b5 12. b4 Ne4 13. Qc2 Bf5 14. Nxe4 Bxe4 15. Qb2 a5 16. bxa5 Rxa5 17. Rfd1 Qa3 18. Rd2 Rb8 19. Ne1 Bg6 20. Bf1 b4 21. cxb4 Qxb2 22. Rxb2 Rxb4 23. Rxb4 Nxb4 24. a4 f6 25. Bb5 Ra7 26. f4 Kf8 27. Rc1 Ke7 28. Rc8 Bh5 29. Rg8 Kf7 30. Rh8 Bd1 31. Rxh7 Bxa4 32. Be2 Ra8 33. g4 Nc6 34. Nf3 Bc2 35. Rh3 Rb8 36. Kf2 Be4 37. Nd2 Nxd4 38. Nxe4 dxe4 39. Ra3 f5 40. gxf5 exf5 41. Bc4+ Kf6 42. Ra7 Rb2+ 43. Kg3 Ne2+ 44. Bxe2 Rxe2 45. Ra6+ Kf7 46. Ra7+ Kg6 47. h4 Re3+ 48. Kg2 Rf3 49. Ra6+ Kh7 50. Ra5 Rxf4 0-1